|
|
|
|
| LEADER |
01460cam a2200325 a 4500 |
| 001 |
c000340718 |
| 003 |
CARM |
| 005 |
19991021000000.0 |
| 008 |
811028s1877 enk c 000 0 eng |
| 010 |
|
|
|a 81186960
|
| 019 |
1 |
|
|a 3176556
|5 LACONCORD2021
|
| 035 |
|
|
|a (OCoLC)10751671
|5 LACONCORD2021
|
| 040 |
|
|
|a DLC
|b eng
|c DLC
|d DLC
|d LC
|
| 050 |
0 |
0 |
|a Z232.C38
|b C4 1877b Rosenwald Coll
|
| 082 |
0 |
0 |
|a 686.2/07421/34
|2 19
|
| 082 |
0 |
4 |
|a 686.2/07421/34
|2 19
|
| 111 |
2 |
|
|a Caxton Celebration,
|d (1877 :
|c London, England)
|
| 245 |
1 |
0 |
|a Catalogue of the loan collection of antiquities, curiosities, and appliances connected with the art of printing, South Kensington /
|c Caxton Celebration, 1877.
|
| 250 |
|
|
|a Prelim. issue.
|
| 260 |
|
|
|a London :
|b Elzevir Press,
|c [1877]
|
| 300 |
|
|
|a xix, 410 p. ;
|c 20 cm.
|
| 500 |
|
|
|a Introd. signed: Geo. Bullen.
|
| 501 |
|
|
|a With: A glance at the Westminster Free Library / by William E.A. Axon [S.l. : s.n., 1877] (Manchester : Guardian Letterpress and Lithographic Works. Bound together subsequent to publication.
|
| 600 |
1 |
0 |
|a Caxton, William,
|d ca. 1422-1491.
|
| 650 |
|
0 |
|a Printing
|x Exhibitions.
|
| 700 |
1 |
|
|a Edwards, Edward,
|d 1812-1886.
|
| 700 |
1 |
|
|a Bullen, George,
|d 1816-1894.
|
| 852 |
8 |
|
|b CARM
|h A2:AR09A0
|i A04169
|p 0347038
|f BK
|
| 999 |
f |
f |
|i 98565f6b-fdda-52b4-8242-9f6cc93bd8a3
|s 0403ed5f-04af-5da2-8c67-14418fb97f0f
|
| 952 |
f |
f |
|p Can circulate
|a CAVAL
|b CAVAL
|c CAVAL
|d CARM 1 Store
|e A04169
|f A2:AR09A0
|h Other scheme
|i book
|m 0347038
|